000 00875nam a2200301Ia 4500
001 79873
003 IT-RoPAU
008 130308s9999 xx 000 0 und d
040 _aIT-RoPAU
040 _cIT-RoPAU
041 _aFRANCESE
100 _aBeardsley M.C.
100 _gCodice Aut. SPICS: 28991
245 _aDiscours critique et les problemes philosophique s de l'esthetiques (Le)
245 _bPhilosophie Analytique et Esthetique
250 _a1a ed.
260 _aPARIS
260 _bKlincksieck
260 _c1988 [1° Ed.:1988 - Ed.Ling.Originale:1958]
300 _a"12 p. (prefazione: no ; testo: 12 [pagine: 71-82])"
500 _aDiscorso Critico e Problemi Filosofici dell'Estetica Estetica e Critica
650 _aEPISTEMOLOGIA
650 _eCodice materia Spics: 3051
942 _cBK
957 _71
999 _c38703
_d38703
999 _bSI
999 _g1